Texto y contexto : semántica y pragmática del discurso /

Bibliographic Details
Main Author: Dijk, Teun A. van, 1943-
Format: Book
Language:Spanish
Published: Madrid : Cátedra, 1984.
Edition:2. ed.
Series:Linguistica
Subjects:

MARC

Tag First Indicator Second Indicator Subfields
LEADER 00000cam a2200000 a 4500
001 in00000023967
005 20151007055607.0
008 880827s1984 sp 00110 spa d
020 |z 843760219x 
035 |a (OCoLC)18418764 
035 |9 AAB8667AM 
040 |a TXA  |c TXA  |d UtOrBLW 
049 |a TXAM  |c [A11493475] 
050 4 |a P302  |b .D518 1984 
100 1 |a Dijk, Teun A. van,  |d 1943- 
240 1 0 |a Text and context.  |l Spanish 
245 1 0 |a Texto y contexto :  |b semántica y pragmática del discurso /  |c Teun A. van Dijk ; introd. de Antonio García Berrio ; [traducción de Juan Domingo Moyano]. 
250 |a 2. ed. 
264 1 |a Madrid :  |b Cátedra,  |c 1984. 
300 |a 357 pages ;  |c 21 cm. 
336 |a text  |b txt  |2 rdacontent 
337 |a unmediated  |b n  |2 rdamedia 
338 |a volume  |b nc  |2 rdacarrier 
490 0 |a Linguistica 
500 |a Translation of: Text and context. 
504 |a Bibliography: pages 345-354. 
500 |a Includes index. 
650 0 |a Discourse analysis. 
650 0 |a Semantics (Philosophy) 
650 0 |a Pragmatics. 
650 0 |a Speech acts (Linguistics) 
999 |a MARS 
999 f f |s 0f11cfc3-62f4-307a-bc2a-8f3da625adbe  |i b22ad450-a70e-3aea-a196-e5562a3f8d6c  |t 0 
952 f f |p normal  |a Texas A&M University  |b College Station  |c Sterling C. Evans Library  |d Evans: Library Stacks  |t 0  |e P302 .D518 1984  |h Library of Congress classification  |i unmediated -- volume  |m A14811493475 
998 f f |a P302 .D518 1984  |t 0  |l Evans: Library Stacks